| 000 | 00626cam a2200217 a 4500 | ||
|---|---|---|---|
| 003 | BD-DhSAU | ||
| 005 | 20231108152947.0 | ||
| 008 | 861024s 2012ii a b 001 0 eng | ||
| 020 | _a9789381617120 | ||
| 040 | _aBD-DhSAU | ||
| 082 |
_222 _a333.956137 _bA97 |
||
| 245 | 1 | 0 |
_aFisheries in the Marine Ecosystem / _cEdited by S.K. Pandey |
| 260 |
_aNew Delhi : _bBio-Green Books, _cc2012 |
||
| 300 |
_avi, 272 p. : _bill. ; _c22cm. |
||
| 504 | _aInclude bibliographical references and index | ||
| 590 | _akobir | ||
| 650 | 0 | _aFisheries Ecosystem | |
| 650 | 0 | _aMarine Ecosystem | |
| 700 | _aPandey, S.K. | ||
| 942 |
_2ddc _cBOOK |
||
| 999 |
_c17282 _d17281 |
||